Power system analysis (Record no. 1347)

000 -LEADER
fixed length control field 00590nam a2200229 a 4500
001 - CONTROL NUMBER
control field 1347
003 - CONTROL NUMBER IDENTIFIER
control field BD-DhUET
008 - FIXED-LENGTH DATA ELEMENTS--GENERAL INFORMATION
fixed length control field 931008s1994 nyua 001 0 eng
020 ## - INTERNATIONAL STANDARD BOOK NUMBER
International Standard Book Number 0070585156
020 ## - INTERNATIONAL STANDARD BOOK NUMBER
International Standard Book Number 0071133380
040 ## - CATALOGING SOURCE
Original cataloging agency DLC
Transcribing agency DLC
Modifying agency BD-DhUET
082 00 - DEWEY DECIMAL CLASSIFICATION NUMBER
Classification number 623.19
Item number GRA/1994
100 1# - MAIN ENTRY--PERSONAL NAME
Personal name Grainger, John J.
245 10 - TITLE STATEMENT
Title Power system analysis
250 ## - EDITION STATEMENT
Edition statement 1st ed.
260 ## - PUBLICATION, DISTRIBUTION, ETC. (IMPRINT)
Place of publication, distribution, etc. New York
Name of publisher, distributor, etc. McGraw-Hill
Date of publication, distribution, etc. 1994
300 ## - PHYSICAL DESCRIPTION
Extent xix, 787 p.
Other physical details ill.
504 ## - BIBLIOGRAPHY, ETC. NOTE
Bibliography, etc Includes bibliographies
650 #0 - SUBJECT ADDED ENTRY--TOPICAL TERM
Topical term or geographic name as entry element Electric power systems-Management
700 1# - ADDED ENTRY--PERSONAL NAME
Personal name Stevenson, William D.
942 ## - ADDED ENTRY ELEMENTS (KOHA)
Koha item type General Book
Holdings
Lost status Koha issues (times borrowed) Withdrawn status Sublocation or collection (holding branch) Shelving location Source of classification or shelving scheme Koha date last seen Koha date last borrowed Koha normalized classification for sorting Koha out on loan Location (home branch) Price effective from Koha full call number Damaged status Koha renewals Koha item type Not for loan Piece designation (barcode) Date acquired Copy number
 5 Central Library, BUETCirculation section 2024-06-012024-03-04623_000000000000000_19GRA1994 Central Library, BUET2014-09-03623.19/GRA/1994  General Book 1039602014-09-031
 1 Central Library, BUETCirculation section 2020-01-142019-05-06623_000000000000000_19GRA1994 Central Library, BUET2014-09-03623.19/GRA/1994  General Book 1039612014-09-032
 3 Central Library, BUETCirculation section 2025-11-032025-07-13623_000000000000000_19GRA1994 Central Library, BUET2014-09-03623.19/GRA/1994 1General Book 1039622014-09-033
 1 Central Library, BUETCirculation section 2025-04-222019-10-21623_000000000000000_19GRA1994 Central Library, BUET2014-09-03623.19/GRA/1994  General Book 1039632014-09-034
 1 Central Library, BUETCirculation section 2023-11-272023-11-27623_000000000000000_19GRA19942023-12-11Central Library, BUET2014-09-03623.19/GRA/1994  General Book 1039642014-09-035
   Central Library, BUETCirculation section 2016-01-26 623_000000000000000_19GRA1994 Central Library, BUET2014-09-03623.19/GRA/1994  General Book 1039652014-09-036
 1 Central Library, BUETCirculation section 2021-12-132021-02-13623_000000000000000_19GRA1994 Central Library, BUET2014-09-03623.19/GRA/1994 2General Book 1039662014-09-037
 2 Central Library, BUETCirculation section 2022-02-062022-02-06623_000000000000000_19GRA19942023-02-06Central Library, BUET2014-09-03623.19/GRA/1994  General Book 1039672014-09-038
 5 Central Library, BUETCirculation section 2025-05-032025-05-03623_000000000000000_19GRA19942025-05-17Central Library, BUET2014-09-03623.19/GRA/1994  General Book 1039682014-09-039
   Central Library, BUETReading section 2015-06-21 623_190000000000000_GRA_1994 Central Library, BUET2015-06-21623.19/GRA/1994  Reading Item 895292015-06-2110
   Central Library, BUETReading section 2015-06-21 623_190000000000000_GRA_1994 Central Library, BUET2015-06-21623.19/GRA/1994  Reading Item 911382015-06-2111
   Central Library, BUETReading section 2015-07-02 623_190000000000000_GRA_1994 Central Library, BUET2015-07-02623.19/GRA/1994  Reading Item 907772015-07-0212